000 00419nam a2200181Ia 4500
001 11259
005 20260306161933.0
008 260306t1986||||xx |||||||||||||| ||spa||
041 _aESP
082 _a985.02
_bC243
100 _aCieza de León, Pedro
_eAUT
245 0 _aCrónica del Perú
260 _c1986
300 _a361 páginas :
_c20 cm.
650 _aGEN
654 _aCHU
942 _cLIB
_dJUS
_fJUS
_2ddc
_n
999 _c11259
_d11259